000 00816cam a2200169 4500
001 WS123468
008 030902n 000 0 eng u
035 _a(Sirsi) u123468
110 _aAsbestos Information Centre
_9372
245 _aAsbestos Information Centre
520 _aWeb site for this independent organisation that provides advice to the general public and others on managing asbestos containing products in buildings to keep the fibre release to the minimum. Includes the largest list of trade names of asbestos containing materials anywhere on the internet.
650 _aMANAGEMENT-HEALTH AND SAFETY-HAZARDOUS SUBSTANCES-ASBESTOS
650 _aORGANISATION
690 _aHealth and safety
_96244
856 4 0 _uhttps://www.aic.org.uk
_zView the website free of charge at www.aic.org.uk...
942 _n0
999 _c120323
_d120323